[Event "Olympiad-39"]
[Site "Khanty-Mansiysk"]
[Date "2010.09.28"]
[Round "7.3"]
[White "Edouard, Romain"]
[Black "Magem Badals, Jordi"]
[Result "1/2-1/2"]
[WhiteElo "2636"]
[BlackElo "2589"]
[Annotator "Edouard,R"]
[PlyCount "107"]
[EventDate "2010.09.21"]
[EventType "team-swiss"]
[EventRounds "11"]
[EventCountry "RUS"]
[SourceTitle "CBM 139"]
[Source "ChessBase"]
[SourceDate "2010.11.18"]
[SourceVersion "1"]
[SourceVersionDate "2010.11.18"]
[SourceQuality "1"]
[WhiteTeam "France"]
[BlackTeam "Spain"]
[WhiteTeamCountry "FRA"]
[BlackTeamCountry "ESP"]

{After a quite gentle start, the French team began to string together
victories by 2.5 to 1.5 and was later among the competitors for the top 3. The
first important victory was against Spain. My game below initially appeared to
be the one that could swing the match in our favour. At the end, it almost
left Spain a chance to save the day!} 1. d4 d5 2. c4 dxc4 {The Queen's Gambit
Accepted: one of my favourite weapons with the black pieces.} 3. e4 e5 4. Nf3
exd4 5. Bxc4 Bb4+ $5 6. Nbd2 $5 (6. Bd2 Bxd2+ 7. Nbxd2 Qf6 (7... Nc6 8. O-O Qf6
9. b4 $1 {was Aronian-Bacrot, Linares 2006, and is slightly more annoying for
Black.}) 8. O-O Ne7 9. e5 Qg6 10. Nxd4 Nbc6 11. N2f3 O-O 12. e6 fxe6 13. Re1
Nxd4 14. Ne5 Nf3+ 15. Qxf3 Rxf3 16. Nxg6 Rf7 17. Ne5 {followed by Rad1, g3, f4,
h4 is another possibility. White enjoys good compensations for the pawn. This
was played twice by Pashikian, quite convincingly. Still, I believe Black
should be OK here.}) 6... Nc6 7. O-O Nf6 8. e5 Nd5 9. Nb3 Nb6 10. Bb5 Qd5 {
We have been following the main line.} 11. Bxc6+ $5 {A good move in my opinion.
} (11. Nbxd4 O-O 12. Bxc6 bxc6 13. Qc2 c5 14. Nf5 Qe6 15. Ng3 Qg6 16. Qxg6 hxg6
17. a3 Ba5 18. Bd2 Bxd2 19. Nxd2 c4 20. Rac1 Be6 {gave Black no problem in
Bologan-Rublevsky, Foros 2006, especially due to Black's strong counterplay on
the d-file. This is why I think White must take on c6 at once in order to
force a decision: will Black break up the pawn structure or not? The point is
that White's play will be different depending on that.}) 11... Qxc6 (11... bxc6
12. Qxd4 {gives White a better endgame thanks to the following trick:} Qxd4 (
12... a5 13. Bd2 $14) 13. Nfxd4 Ba6 $6 14. Rd1 c5 15. a3 $1 $16) 12. Bd2 (12.
Qxd4 Qc4 13. Bg5 Qxd4 14. Nfxd4 h6 15. Bd2 Bxd2 16. Nxd2 Bd7 17. Rac1 O-O-O {
seemed rather okay for Black in Karpov-Granda Zuniga, San Sebastián 2009,
though Karpov was able to work up some pressure after some inaccuracies from
the black side.}) 12... Bxd2 $6 {A positional mistake in my opinion. After it
White's play is too much easy.} (12... Be7 13. Rc1 Qg6 $1 14. Rxc7 Nd5 15. Rc4
d3 16. Rd4 Be6 17. Ne1 O-O 18. Nxd3 b6 {gave Black some compensations in
Radjabov-Rublevsky, rapid 2002.}) 13. Qxd2 O-O 14. Rac1 Qd7 15. Nfxd4 Qe7 16.
f4 $16 {Now I enjoy a clear plus thanks to my extra space and possibility of
attacking my opponent's king. With an extra hour on the clock (or almost), I
was feeling pretty confident. But in the next moves, wishing to be extremely
precise, I slowly gave back my extra time, and, furthermore, made some
inaccuracies.} Rd8 (16... Be6 $2 17. f5 $1 Bxb3 18. f6 $1 Qxe5 19. Rf5 {
followed by Qg5 wins for White.}) 17. Qc3 {A slight imprecision. Somehow I
wanted to win by force with Qg3, f5, and so on.} (17. Nc5 c6 18. Rfe1 {in
order to play Qc3/f2 (/\Qg3) and f5 was probably much stronger.}) 17... a5 $5 {
I had not properly considered this move!} (17... Nd5 18. Qg3 {followed by f5
seems disastrous for Black. I checked the option} f5 {but after} 19. e6 $5 Qf6
(19... Bxe6 $2 20. Rfe1 $18) 20. Rfe1 c6 21. Re5 Ne7 22. Qc3 $5 {followed by
Qc4, Rce1, Nc5 (...) I assumed Black's position was almost lost.}) 18. Rfd1 $1
(18. Qxc7 $4 {does not work:} Qxc7 19. Rxc7 a4 $19) ({Either} 18. Nxa5 $2 Rxa5
19. Qxa5 Rxd4 $15) 18... Be6 (18... Bg4 19. Rd2 $16 {doesn't help Black.}) (
18... Nd5 19. Qg3 $16 {would also help me in my aim of playing f5.}) (18... a4
19. Nc5 $16) 19. Nc5 (19. Qxc7 $2 Qxc7 20. Rxc7 Bxb3 21. axb3 Nd5 $11) 19...
Bd5 20. Nf5 Qf8 {Now Black's pieces are all (or almost all) extremely passive,
but it is not easy to break through.} 21. b3 $5 {I wanted to prevent as much
as possible all tricks based on the c4-square (...Nc4, ...bc4) and the same
time gain some space. Black has no useful move here. The idea is of course to
take a pawn in the event of ...a4. Oops, one problem: my opponent went ...a4
and I didn't take it!!} (21. Rd4 $5 a4 22. Ne3 Bc6 (22... Bxa2 23. Rxd8 Rxd8
24. Nxb7 $16) 23. Rcd1 $16) 21... a4 (21... Be6 22. Nd4 $16) 22. Rd4 $2 {
Nonsense! Suddenly I decided not to take the pawn and gave my opponent some
serious practical counterplay.} (22. bxa4 $1 Be6 (22... Nxa4 $2 23. Nxa4 Rxa4
24. Qxc7 $18) (22... Bc6 23. Rxd8 Rxd8 24. e6 $18) 23. Rxd8 Rxd8 24. Nd4 Nd5
25. Qf3 Bc8 26. a5 {with a winning edge.}) (22. Nxa4 $6 Nxa4 23. bxa4 Be6 24.
Ne3 c6 {is less clear. For instance:} 25. f5 Bxa2 26. Qb2 Rxd1+ 27. Rxd1 Qc5 {
and I assume Black has good drawing chances.}) 22... axb3 23. axb3 Ra2 (23...
Be6 24. Ne3 Nd5 25. Nxd5 Bxd5 26. Rcd1 Bc6 27. Nd7 $1 Qe7 28. Nf6+ $1 gxf6 (
28... Kh8 $2 29. Qd3 $18) 29. exf6 Qxf6 30. Rxd8+ Rxd8 31. Qxf6 Rxd1+ 32. Kf2
Rd2+ 33. Ke3 Rxg2 34. Qh4 $5 {and I feel like this should win for White,
thanks to Black's weak king. It would be worth checking but it would take too
long proving it.}) 24. Ne3 {Basically, this is still clearly better for me.
But it is much harder to play.} Bc6 (24... Qe7 25. Rcd1 c6 26. R4d2 $16) 25.
Rcd1 Rxd4 26. Qxd4 h6 27. f5 Kh7 $1 {Good defence from my opponent! It is
important to move the king from the 8th rank.} 28. b4 $6 (28. Rf1 {(/\f6)} f6
$1 {annoyed me:} 29. e6 Qd6 $1 30. Qxd6 cxd6 31. Nd3 {but the black pieces are
all fine and I believed Black should hold in spite of my strong pawn on e6.
Difficult to say, in fact. Still I should have gone for this simple option.}) (
28. f6 $2 gxf6 29. exf6 Qg8 $132) 28... Na4 29. Qc4 Rb2 $1 {Oops, I overlooked
that after Nd3, Black's rook has access to the e2-square!!} (29... Ra3 30. Qc1
Ra2 (30... Rc3 31. Qd2 $16) 31. f6 $1 Re2 32. Qb1+ Kg8 33. Qd3 $40) 30. Nd7 $4
{A losing move, and new tactical hallucination!} ({Repeating moves with} 30.
Qd4 Ra2 31. Nd3 $5 {would probably be the safest, but of course the position
is much less clear now.}) (30. f6 Nxc5 31. bxc5 gxf6 32. Rf1 Qg7 33. g3 f5 {
should be ok for Black.}) 30... Bxd7 31. Rxd7 Nb6 32. Qc3 $8 {The only move
not to lose at once!?} ({And suddently I realised that} 32. Rxf7 {is losing
due to the extremely complicated} Nxc4 33. Rxf8 Nxe3 $19) 32... Rb1+ (32...
Nxd7 $5 33. Qxb2 Qe8 {would win a pawn, and possibly the game, although after}
34. e6 fxe6 35. Qc2 exf5 36. Qxf5+ {I keep a few drawing chances.}) 33. Rd1
Qxb4 (33... Nd5 $5 34. Qc5 Qxc5 35. bxc5 Rxd1+ 36. Nxd1 h5 $5 {and the endgame
won't be enjoyable for White at all!} (36... g6 $5)) 34. Qxb4 Rxb4 35. Nd5 $8
Nxd5 36. Rxd5 Rf4 $2 (36... Re4 $1 {was probably winning, thought it would
require a deeper analysis, as Black's locked king give White some chances:} 37.
Rd7 (37. g3 c6 38. Rd7 Rxe5 39. Rxf7 b5 40. Rc7 Rxf5 41. Rxc6 Rf6 42. Rc3 Rb6
$19) (37. Kf2 $5 {Not the most easy move to find!} c6 $1 (37... Rf4+ 38. Kg3
Rxf5 39. Rd7 Rg5+ 40. Kf3 (40. Kh3 c5 41. Rxb7 Kg6 42. Rb6+ Kf5 43. Rb5 Kf4 $1
44. g3+ Kf3 $1 $19) 40... Rxe5 (40... c5 41. Rxb7 Kg6 42. Rb6+ $132) 41. Rxc7
Rf5+ 42. Kg4 Rf2 43. Kg3 Rb2 44. Rxf7 Kg6 {should be winning, but is less
clear in my opinion.}) 38. Rd7 Rxe5 39. Rxf7 b5 40. g4 h5 $1 41. h3 (41. Rc7
hxg4 42. Rxc6 Rxf5+ 43. Kg3 Rf6 $19 {followed by ...Rb6.}) 41... hxg4 42. hxg4
b4 43. f6 Kg6 $19) 37... Re1+ $1 38. Kf2 Rxe5 39. Rxf7 Rc5 40. g4 (40. f6 Kg6
$19) (40. Ke3 b5 41. Rd7 (41. Rf8 Rc2 $19) 41... Kg8 42. Ke4 c6 (42... b4 43.
Rd8+ Kf7 44. Rb8 Rc2 45. Rxb4 Rxg2 $19) 43. Rb7 Rc4+ 44. Ke5 Rc2 $19) 40... Kg8
(40... b5 $5 41. Rd7 b4 42. f6 Kg8 $1 43. Rxg7+ Kf8 44. Ke3 b3 45. Rd7 b2 46.
Rd8+ Kf7 47. Rb8 Rc2 $19) 41. Rd7 b5 42. Ke3 Rc4 $1 (42... b4 $2 {leaves White
some chances, e.g.} 43. Rd4 Rc3+ 44. Ke4 c5 45. Rd8+ Kf7 46. Rd7+ Kf6 47. Rd6+
Ke7 48. Rg6 Kf7 49. Kd5 b3 50. Rb6 c4 51. h4 Rc2 52. g5 hxg5 53. hxg5 b2 54.
Rb7+ Ke8 55. g6 c3 56. Kd4 Rc1 57. f6 gxf6 58. g7 Rg1 59. Kxc3 Rxg7 60. Rxb2
Rd7 61. Rd2 $1 $11) 43. h3 b4 $19) 37. Rd7 {Phew, now it's a draw!} Rxf5 38.
Rxc7 b5 39. Rc5 $1 f6 {The only way not to get the "usual" drawn 3 against 2.}
40. Rxb5 fxe5 (40... Kg6 41. Rb6 {with an easy draw - normally!}) 41. g4 $1 Rg5
42. h3 h5 (42... Kg6 43. Kf2 Kf6 44. Kg3 e4 (44... Ke6 45. Rb6+ Kf7 $8 46. Rb5
$11) 45. Rb6+ Kf7 (45... Ke5 $4 46. h4 $18) 46. Kf4 $11) 43. Kf2 hxg4 44. hxg4
Rxg4 45. Rxe5 Kh6 46. Kf3 Rg5 47. Re1 Ra5 48. Kg4 Ra4+ 49. Kg3 Kh5 50. Re5+ g5
51. Re3 Rg4+ 52. Kh3 Rg1 53. Kh2 Rf1 54. Kg3 {So, finally, France won the
match by 2.5-1.5.} 1/2-1/2

[Event "EU-chT (Men) 21st"]
[Site "Heraklion"]
[Date "2017.11.04"]
[Round "7.4"]
[White "Dubov, Daniil"]
[Black "Jankovic, Alojzije"]
[Result "1-0"]
[WhiteElo "2677"]
[BlackElo "2575"]
[Annotator "Fernandez,D"]
[PlyCount "115"]
[EventDate "2017.10.28"]
[EventType "team-swiss"]
[EventRounds "9"]
[EventCountry "GRE"]
[SourceTitle "CBM 182"]
[Source "ChessBase"]
[SourceDate "2018.01.17"]
[SourceVersion "1"]
[SourceVersionDate "2018.01.17"]
[SourceQuality "1"]
[WhiteTeam "Russia"]
[BlackTeam "Croatia"]
[WhiteTeamCountry "RUS"]
[BlackTeamCountry "CRO"]

{My weakness for technical chess leads me to also annotate this game, which
was critical in ending Croatia's title aspirations.} 1. d4 d5 2. c4 dxc4 3. e4
e5 4. Nf3 Bb4+ (4... exd4 5. Bxc4 Nc6 6. O-O Be6 {is an interesting line where
White must play creatively after either of his options (Bxe6 or Bb5.)}) 5. Bd2
Bxd2+ 6. Nbxd2 exd4 7. Bxc4 Nc6 8. O-O Nge7 $14 {This position has a bad
reputation for Black, and I doubt the current game will do much to change that.
} (8... Nf6 $5 {is most critical; play can continue} 9. e5 (9. Bb5 $5 $146)
9... Nd5 10. Nb3 (10. Qb3 Na5 11. Qb5+ c6 12. Qc5 Nf4 $5 (12... Qb6 13. Qxd4
Qxd4 14. Nxd4 Nxc4 15. Nxc4 O-O $14 {White can play around the Nd5 as in
Melkumyan,H (2406)-Kotanjian,T (2560) Martuni 2007}) 13. b4 (13. Rfd1 Qb6 14.
Qxd4 Qxd4 15. Nxd4 O-O $132) 13... b6 14. Qxd4 Qxd4 15. Nxd4 Nxc4 16. Nxc4 O-O
17. Rfd1 (17. Nxc6 Ba6 $15) 17... c5 $132 {Black is getting active.}) 10... O-O
11. Nbxd4 Nxd4 12. Qxd4 Nb6 $132 {Van Wely,L (2646)-Ivanchuk,V (2709) Monte
Carlo 2000}) 9. Nb3 d3 10. Bxd3 Bg4 11. h3 Bh5 12. Be2 $1 {Consolidating his
small edge, the young Russian shows great maturity.} Qxd1 13. Rfxd1 Bg6 $6 (
13... Rd8 14. Nc5 O-O {may be the best Black can do:} 15. b3 {or something is
now necessary, and} b6 16. Na6 Bg6 $14 {is now acceptable, if not enviable})
14. Nc5 $1 b6 (14... O-O {is the kind of move humans really hate making, and
it is not even clear that ...b6 can be avoided in the long run:} 15. Nh4 $1 $16
(15. Nxb7 Bxe4 16. Nc5 Bd5 17. Na6 $16)) 15. Na6 O-O 16. Nxc7 Rad8 17. e5 $16 {
Up a pawn, most GMs aren't going to let you back. Black never really got into
this game until now, but now he does:} Bc2 18. Rxd8 $6 (18. Re1 {takes better
care of the e5-pawn.}) 18... Rxd8 19. Rc1 Bd3 (19... Be4 $1 {was best;} 20. Ng5
{was presumably the intention, but} Bg6 21. f4 Rd2 $1 22. Bb5 Nd4 $1 $14 {
is unnecessarily messy from White's perspective.}) 20. Bxd3 Rxd3 21. e6 f6 22.
Kf1 Rd6 23. a3 Kf8 $14 {So White has some technical issues of largely his own
making.} 24. b4 Ng6 $6 (24... Nf5 $5 25. g4 Nfd4 26. Nd2 $14 {is mostly only
pseudo-active, but Black should have done this to keep a closer eye on e6.})
25. g3 $1 Nge5 26. Nxe5 $16 fxe5 (26... Nxe5 27. f4 Nf3 {was obviously not
much better and White makes an impressive pawn chain after} 28. f5 Nd4 29. g4
Ke7 (29... g6 30. Re1 $1 Ke7 31. g5 $3 $18) 30. Na6 $16) 27. Ke2 Ke7 (27...
Nd4+ 28. Ke3 Nxe6 29. Nxe6+ Rxe6 30. Ke4 {is probably dead lost.}) 28. Ke3 a5
29. b5 Nd8 30. Ke4 Rd2 31. f4 (31. Nd5+ {immediately could have been chosen:}
Kxe6 32. Nxb6 Rxf2 33. Rc8 Nf7 34. Nc4 {again forcing a winning rook ending,
else the b-pawn wins.}) 31... exf4 32. gxf4 g6 (32... Nxe6 33. Nd5+ Kf7 34.
Nxb6 Re2+ 35. Kd5 Nxf4+ 36. Kc6 Re6+ 37. Kb7 Re3 38. Nc4 $1 $18 {Counterplay
is very slow to arrive.}) 33. Nd5+ Kxe6 34. Nxb6 Rb2 35. a4 Rb4+ 36. Rc4 Kd6
37. Rxb4 axb4 38. Kd4 Ne6+ 39. Kc4 Nxf4 40. Kxb4 {The rest is not
comment-worthy.} g5 41. a5 Kc7 42. Nc4 Nd3+ 43. Kc3 Nf4 44. Kd4 h5 45. a6 Ne6+
46. Kd5 Nf4+ 47. Ke5 Nd3+ 48. Kd4 Nb4 49. b6+ Kb8 50. a7+ Ka8 51. Kc5 Nd3+ 52.
Kc6 Nb4+ 53. Kb5 g4 54. Kxb4 gxh3 55. Nd6 h2 56. Ne8 h1=Q 57. Nc7+ Kb7 58.
a8=Q+ {A nice finish to a great technical game by Dubov!} 1-0

[Event "Koge Xtracon op"]
[Site "Koge"]
[Date "2014.10.12"]
[Round "2"]
[White "Fier, Alexandr"]
[Black "Semcesen, Daniel"]
[Result "1-0"]
[WhiteElo "2589"]
[BlackElo "2480"]
[Annotator "Fier,A"]
[PlyCount "55"]
[EventDate "2014.10.11"]
[EventType "swiss"]
[EventRounds "9"]
[EventCountry "DEN"]
[SourceTitle "EXT 2015"]
[Source "ChessBase"]
[SourceDate "2014.11.20"]
[SourceVersion "1"]
[SourceVersionDate "2014.11.20"]
[SourceQuality "1"]

1. d4 d5 2. c4 dxc4 3. e3 e5 4. Bxc4 exd4 5. exd4 Bd6 6. Nf3 Nf6 7. O-O O-O 8.
h3 Nc6 9. Nc3 h6 10. Qc2 Nb4 {This move was a small surprise for me. My
opponent played 10...Na5 in some games.} (10... Na5 11. Bd3 Nc6 12. a3 Be6 13.
Re1 {Sylvan,J (2238)-Semcesen,D (2416) Borup op 5th 2010 (7) 0-1 and we have a
typical position of isolated pawn}) 11. Qb1 c6 {Black's idea is quite logical,
trying to put the knight on d5, and now I have to take a hard decision: to
allow his plan or to go for an interesting sacrifice that I didn't remember
well.} 12. Bxh6 $5 {Now we enter in a long forced sequence.} (12. Re1 {is the
other option and it was seen in some games} Nbd5 13. Qd3 (13. Bd2 Be6 14. Bb3
Re8 {Bogner,S (2593)-Quesada Perez,Y (2493) Capablanca Memorial Premier 49th
2014 (8) 1/2 was a quick draw in}) 13... Be6 14. a3 Re8 15. Bd2 Nc7 {Jianu,V 
(2500)-Fodor,T (2502) Baia Sprie Limpedea Cup 4th 2012 (6) 1/2 and I think
Black should be fine}) 12... gxh6 13. Qg6+ Kh8 14. Qxh6+ Nh7 $8 (14... Kg8 {
unfortunately for Black the game won't end in a perpetual} 15. Ne5 {and Black
has no reasonable defence against the attack} (15. Ng5 {is also strong}) 15...
Be6 {also does not help much} (15... Bxe5 16. dxe5 Nh7 17. Ne4 {[%cal Ge4f6]}
Kh8 (17... Bf5 18. Nd6 Bd3 19. Bxd3 Nxd3 20. f4 $18 {[%cal Gf1f3]}) 18. Rad1
Qe7 19. Qh5 {and the bishop on c8 cannot join the party, so Black's position
is lost.}) (15... Nbd5 16. Rae1 {[%cal Ge1e3,Ge3g3] is a thematic idea} Nh7 17.
Nxd5 cxd5 18. Bd3 {winning}) 16. Rae1 Bxc4 (16... Nfd5 17. Nxd5 Nxd5 18. Bd3
Nf6 19. Re3 $18) 17. Re3 {and the check on g3 will be decisive}) 15. Ne4 {
Threatening to go to g5, so again Black's move is forced.} Be7 16. Ne5 {
Until here I could remember and I knew Black had some options, what to play
against any of them was not so clear for me.} Nd5 (16... Qxd4 {I think is the
best move and arrives in an endgame hard to access.} 17. Nxf7+ Rxf7 18. Bxf7
Qxe4 19. Rae1 (19. Rfe1 {doesn't work so well} Qh4 20. Qxh4 Bxh4 21. Re4 Nc2
22. Rc1 Bf6 {[%csl Rf7][%cal Gc8f5] and White can't recover a piece easily})
19... Qh4 20. Qxh4 Bxh4 21. Re4 {with a rook and a lot of passed pawns against
two strong pieces}) 17. f4 {I was not totally sure this was the move, but I
played instantly and finally my opponent started to think.} (17. g4 {avoids 17.
..Bf5, but opens White's king} f5 $1 (17... Bf6 {is bad} 18. Nd6 $1 {and Black
cannot take the knight} Bxe5 (18... Qxd6 19. Bd3 {is mate}) 19. dxe5 {with an
overwhelming position}) 18. Ng6+ Kg8 19. Nc3 (19. Nxf8 Qxf8 20. Qg6+ Qg7 {
is not scary}) 19... Rf6 20. Bxd5+ cxd5 21. Nxd5 Bf8 22. Nxf6+ Qxf6 23. Qh5 Be6
{and the position changed, White has more material and Black has iniciative})
17... Bf5 18. Ng5 {Going for the king.} (18. Ng3 {is not so interesting since
after} Bg6 {White can't follow the attack properly} 19. f5 (19. Nxg6+ fxg6 {
is fine for Black}) 19... Bg5 {still the position is not lost, since White has
a funny resource that I didn't see in the game:} 20. Qxf8+ Nxf8 21. fxg6 {
and the computer says that White is still fine somehow}) 18... Kg8 $2 {
Liberating the knight, but the king is also not safe on g8.} (18... Bxg5 {
was what I expected, and during the game I was not sure about the endgame that
arrives after} 19. fxg5 Bg6 20. Bd3 (20. h4 {is another idea, but Black has an
ingenious knight's retreat} Ne7 21. Rad1 Ng8 22. Nxg6+ fxg6 23. Rxf8 Qxf8 24.
Qxg6 {and White still has attack}) 20... Qxg5 21. Qxg5 Nxg5 22. Bxg6 fxg6 23.
Nxg6+ Kg7 24. Nxf8 Rxf8 25. Rxf8 Kxf8 {but the computer gives almost decisive
advantage due to the passed pawns on the kingside}) 19. g4 $2 {During the game
and even in the post-mortem I could not see any reason for this move to be bad,
but looks like White's king is too exposed.} (19. Rf3 $1 {was the best and
Black's position is near to collapse, but the continuation was quite hard to
see} Qd6 (19... Bxg5 20. fxg5 Bg6 21. h4 Be4 22. Rg3 Qb6 23. Rd1 {and soon
Black's position will be hopeless}) 20. Ngxf7 Qxh6 (20... Rxf7 21. Rg3+ Ng5 22.
Rxg5+ $18) 21. Nxh6+ Kg7 22. Nxf5+ Rxf5 23. Rg3+ $1 Kf8 24. Rb3 b6 25. Bxd5
cxd5 26. g4 {and White recovers the material with interest}) 19... Qb6 $2 {
This is already the decisive mistake.} (19... Bxg5 {is necessary} 20. fxg5 Bg6
21. h4 {was my idea, but after} (21. Nxg6 {relieves the pressure} fxg6 22.
Qxg6+ Kh8 23. Rxf8+ Qxf8 24. Bxd5 (24. Rf1 Nf4 {and Black is fine}) 24... cxd5
25. Rf1 Qe7 26. Rf7 Qe1+ {with perpetual}) 21... Qb6 22. Rad1 Qxb2 23. h5 (23.
Rf2 Qc3 24. Rf3 Qc2 25. Rdf1 Qd2 26. Nxg6 Qxd4+ 27. Kh1 fxg6 28. Qxg6+ Qg7 29.
Qe6+ Kh8 30. Bxd5 cxd5 31. Rf7 Qc3 {is also equal}) 23... Be4 24. Rf2 Qc3 25.
Bd3 Qxd4 26. Bxe4 Qxe4 27. g6 fxg6 28. hxg6 Ng5 $1 {forced and good} 29. g7
Nh3+ 30. Qxh3 Kxg7 {and it's hard to tell which king is more exposed}) (19...
Nxf4 {looks tempting, but White recovers the piece} 20. Ngf3 $1 {and both
pieces on f-file are hanging} Bg5 (20... Be6 21. Qxf4 Bxc4 22. Nxc4 $16) 21.
Nxg5 Qxg5 22. Qxg5+ Nxg5 23. gxf5 Ngxh3+ 24. Kh2 Kg7 25. Rae1 {and Black's
knight are badly placed, so White has the advantage}) 20. gxf5 Qxd4+ 21. Rf2 $1
{Even if White's winning, some precision is required.} (21. Kh1 {doens't work
because Black has an important check on e4} Bxg5 22. fxg5 Qxe5 23. f6 Qe4+ $1
24. Kg1 Qg6 {and White is lost}) 21... Nxg5 (21... Bxg5 22. fxg5 Qxe5 23. f6
Qxg5+ 24. Rg2 {and another point of 21.Rf2! is seen}) 22. fxg5 Bc5 (22... Qe3 {
is also not enough} 23. f6 Bxf6 24. Bd3 {and Black has to give the queen}) 23.
f6 $1 {Anyway!} Qxf2+ 24. Kh1 Nxf6 25. gxf6 Qg3 26. Bd3 {And Black has no way
to defend against the check on h7.} Rfd8 27. Qh7+ (27. Bh7+ Kh8 28. Nxf7# {
was more classy, but I overlooked it}) 27... Kf8 28. Qxf7# 1-0